[Event "SRB-chT 2nd League"]
[Site "Novi Sad"]
[Date "2023.11.08"]
[Round "10.6"]
[White "Vranic, Ljubomir"]
[Black "Cica, Dragan"]
[Result "0-1"]
[WhiteElo "2081"]
[BlackElo "2125"]
[PlyCount "76"]
[EventDate "2023.11.02"]
[EventType "team-tourn"]
[EventRounds "11"]
[EventCountry "SRB"]
[SourceTitle "CB46_2023"]
[SourceDate "2023.11.15"]
[SourceVersion "1"]
[SourceVersionDate "2023.11.15"]
[SourceQuality "1"]
[WhiteTeam "Senta"]
[BlackTeam "Gajdobra Hercegovac"]
[WhiteTeamCountry "SRB"]
[BlackTeamCountry "SRB"]

1. d4 f5 2. Nc3 Nf6 3. Bg5 d5 4. Bxf6 exf6 5. e3 Bb4 6. Nge2 Nc6 7. a3 Bxc3+ 8. Nxc3 Ne7 9. Bd3 0-0 10. Qf3 Be6 11. Ne2 Qd7 12. 0-0-0 a5 13. h3 b5 14. b3 Rfc8 15. Kb2 Rab8 16. b4 axb4 17. axb4 Qd6 18. c3 Nc6 19. Kb3 Na5+ 20. Kc2 Nc4 21. Ra1 Ra8 22. Bxc4 bxc4 23. Ng3 g6 24. Rhc1 Qc6 25. Kd2 Ra6 26. Ke1 Rca8 27. Qd1 R8a7 28. Rxa6 Qxa6 29. Ne2 Bd7 30. Rb1 f4 31. Nxf4 Bf5 32. Rc1 g5 33. Qh5 Kg7 34. Nxd5 Qe6 35. Nxf6 Qxf6 36. Qe8 Ra2 37. Qe5 Qxe5 38. dxe5 Bd3 0-1

[Event "SRB-chT 2nd League"]
[Site "Novi Sad"]
[Date "2023.11.07"]
[Round "8.6"]
[White "Krejic, Igor"]
[Black "Cica, Dragan"]
[Result "1/2-1/2"]
[WhiteElo "2128"]
[BlackElo "2125"]
[PlyCount "101"]
[EventDate "2023.11.02"]
[EventType "team-tourn"]
[EventRounds "11"]
[EventCountry "SRB"]
[SourceTitle "CB46_2023"]
[SourceDate "2023.11.15"]
[SourceVersion "1"]
[SourceVersionDate "2023.11.15"]
[SourceQuality "1"]
[WhiteTeam "Mladenovo"]
[BlackTeam "Gajdobra Hercegovac"]
[WhiteTeamCountry "SRB"]
[BlackTeamCountry "SRB"]

1. e4 c5 2. Nf3 d6 3. Bb5+ Nd7 4. c3 a6 5. Bd3 g6 6. 0-0 Bg7 7. Bc2 e5 8. d4 Qc7 9. a4 Rb8 10. dxc5 dxc5 11. c4 Ne7 12. Nc3 0-0 13. Bg5 f6 14. Be3 Rd8 15. Qe2 Nf8 16. Nd5 Qd6 17. Rfd1 Nc6 18. b4 b6 19. Nxb6 Nd4 20. Nxd4 exd4 21. bxc5 Qxc5 22. a5 Bg4 23. Bxd4 Bxe2 24. Bxc5 Bxd1 25. Rxd1 Rxd1+ 26. Bxd1 Ne6 27. Be3 f5 28. exf5 gxf5 29. c5 Nd4 30. Ba4 f4 31. Bd2 Rd8 32. Nd7 Rc8 33. Kf1 f3 34. gxf3 Nb5 35. Bb3+ Kh8 36. Bd5 Rc7 37. c6 Nc3 38. Bxc3 Bxc3 39. Nc5 Bxa5 40. Nxa6 Re7 41. Be4 Kg7 42. Ke2 Ra7 43. Bd3 Kf7 44. f4 Ke6 45. Nb8 Kd6 46. Be4 h6 47. Nd7 Rxd7 48. cxd7 Kxd7 49. Kf3 Ke7 50. Kg4 Kf6 51. Kh5 1/2-1/2

[Event "SRB-chT 2nd League"]
[Site "Novi Sad"]
[Date "2023.11.02"]
[Round "1.6"]
[White "Kecskemeti, Arpad"]
[Black "Cica, Dragan"]
[Result "1-0"]
[WhiteElo "2193"]
[BlackElo "2125"]
[PlyCount "85"]
[EventDate "2023.11.02"]
[EventType "team-tourn"]
[EventRounds "11"]
[EventCountry "SRB"]
[SourceTitle "CB46_2023"]
[SourceDate "2023.11.15"]
[SourceVersion "1"]
[SourceVersionDate "2023.11.15"]
[SourceQuality "1"]
[WhiteTeam "Lajos Segi Bajsa"]
[BlackTeam "Gajdobra Hercegovac"]
[WhiteTeamCountry "SRB"]
[BlackTeamCountry "SRB"]

1. e4 c5 2. Nf3 d6 3. d4 cxd4 4. Nxd4 Nf6 5. Nc3 a6 6. Be3 e6 7. f3 b5 8. Qd2 Bb7 9. g4 Nc6 10. Nxc6 Bxc6 11. 0-0-0 Rc8 12. Kb1 b4 13. Ne2 Nxe4 14. fxe4 Bxe4 15. Nd4 Bxh1 16. Bxa6 Rc5 17. Nxe6 fxe6 18. Bxc5 Qa5 19. Bxb4 Qxa6 20. Rxh1 Be7 21. Re1 e5 22. Qd5 Rf8 23. a3 Rf1 24. Qg8+ Kd7 25. Qxh7 Rxe1+ 26. Bxe1 Qe2 27. Qf5+ Kc6 28. Bb4 e4 29. a4 e3 30. Qc8+ Kd5 31. Qg8+ Ke5 32. Qxg7+ Ke6 33. Qg6+ Kd7 34. Qf5+ Ke8 35. Qb5+ Qxb5 36. axb5 Bh4 37. Bxd6 Kd7 38. Bb4 e2 39. c4 e1Q+ 40. Bxe1 Bxe1 41. Kc2 Kd6 42. Kd3 Kc5 43. g5 1-0

[Event "Gligoric Cup 5th"]
[Site "Novi Sad"]
[Date "2018.11.06"]
[Round "4.2"]
[White "Roganovic, Milos"]
[Black "Cica, Dragan"]
[Result "1-0"]
[WhiteElo "2524"]
[BlackElo "2159"]
[PlyCount "73"]
[EventDate "2018.11.04"]
[EventType "team-swiss"]
[EventRounds "5"]
[EventCountry "SRB"]
[SourceTitle "CBM 187 Extra"]
[Source "ChessBase"]
[SourceDate "2018.11.04"]
[SourceVersion "1"]
[SourceVersionDate "2018.11.04"]
[SourceQuality "1"]
[WhiteTeam "Goracici Jelica"]
[BlackTeam "Gajdobra Hercegovac"]
[WhiteTeamCountry "SRB"]
[BlackTeamCountry "SRB"]

1. e4 c5 2. Nf3 d6 3. Bb5+ Bd7 4. Bxd7+ Qxd7 5. 0-0 Nc6 6. c3 e6 7. d4 cxd4 8. cxd4 Nf6 9. d5 Ne5 10. Nc3 Be7 11. Nd4 exd5 12. exd5 0-0 13. Bf4 Rac8 14. Qb3 Nd3 15. Nde2 b5 16. Rad1 Nxf4 17. Nxf4 Qf5 18. Nfe2 Ng4 19. h3 Ne5 20. Nxb5 Rb8 21. f4 a6 22. fxe5 Qd7 23. e6 Qxb5 24. Qxb5 Rxb5 25. b3 fxe6 26. Rxf8+ Bxf8 27. dxe6 Re5 28. Nd4 d5 29. Nf3 Bc5+ 30. Kf1 Rf5 31. Ke2 Kf8 32. Rc1 d4 33. Kd3 Ke7 34. Ke4 Kxe6 35. b4 Ba7 36. Rc6+ Kd7 37. Rxa6 1-0

[Event "Vojvodina-chT"]
[Site "Novi Sad"]
[Date "2017.11.19"]
[Round "9.6"]
[White "Cica, Dragan"]
[Black "Maricki, Djordje"]
[Result "1-0"]
[WhiteElo "2129"]
[BlackElo "2089"]
[PlyCount "107"]
[EventDate "2017.11.13"]
[EventType "team-tourn"]
[EventRounds "11"]
[EventCountry "SRB"]
[SourceTitle "CBM 181 Extra"]
[Source "ChessBase"]
[SourceDate "2017.12.12"]
[SourceVersion "1"]
[SourceVersionDate "2017.12.12"]
[SourceQuality "1"]
[WhiteTeam "Gajdobra Hercegovac"]
[BlackTeam "Beska Hajduk"]
[WhiteTeamCountry "SRB"]
[BlackTeamCountry "SRB"]

1. Nf3 Nc6 2. g3 e5 3. d3 Bc5 4. Bg2 Nf6 5. a3 a6 6. 0-0 0-0 7. Nxe5 Nxe5 8. d4 Bxd4 9. Qxd4 d6 10. Nc3 Nc6 11. Bxc6 bxc6 12. Bg5 h6 13. Bxf6 Qxf6 14. Qxf6 gxf6 15. Rfd1 Re8 16. f3 f5 17. Kf2 a5 18. Rd4 Re7 19. Re1 Ba6 20. Rf4 Re5 21. e4 Rb8 22. b3 Rc5 23. Re3 Bc8 24. exf5 Bxf5 25. b4 axb4 26. axb4 Rxc3 27. Rxc3 Bd7 28. g4 Rb5 29. h4 Kg7 30. h5 Rd5 31. Rd3 Rb5 32. Ra3 c5 33. Ra5 Rb8 34. bxc5 Rb2 35. cxd6 Rxc2+ 36. Kg3 cxd6 37. Rd4 Bc6 38. Rxd6 Bb7 39. Rb5 Bc8 40. Rbb6 Be6 41. Rxe6 fxe6 42. Rxe6 Rc3 43. Re7+ Kf8 44. Re6 Kg7 45. Kf4 Rc8 46. Re7+ Kf8 47. Rd7 Kg8 48. Ke5 Kh8 49. f4 Rg8 50. Kf5 Ra8 51. Rf7 Kg8 52. Kg6 Rb8 53. Rf6 Kh8 54. Kxh6 1-0

[Event "Vojvodina-chT"]
[Site "Novi Sad"]
[Date "2017.11.18"]
[Round "7.5"]
[White "Perisic, Radivoj"]
[Black "Cica, Dragan"]
[Result "1/2-1/2"]
[WhiteElo "2281"]
[BlackElo "2129"]
[PlyCount "32"]
[EventDate "2017.11.13"]
[EventType "team-tourn"]
[EventRounds "11"]
[EventCountry "SRB"]
[SourceTitle "CBM 181 Extra"]
[Source "ChessBase"]
[SourceDate "2017.12.12"]
[SourceVersion "1"]
[SourceVersionDate "2017.12.12"]
[SourceQuality "1"]
[WhiteTeam "Krajisnik Krajina"]
[BlackTeam "Gajdobra Hercegovac"]
[WhiteTeamCountry "SRB"]
[BlackTeamCountry "SRB"]

1. e4 c5 2. Nf3 d6 3. d4 cxd4 4. Nxd4 Nf6 5. Nc3 a6 6. Bg5 Nbd7 7. f4 Qc7 8. Qf3 h6 9. Bh4 g5 10. fxg5 hxg5 11. Bxg5 Qc5 12. Be3 Ne5 13. Qe2 Nfg4 14. Bg1 Bh6 15. Nd5 Qa5+ 16. b4 Qa3 1/2-1/2

[Event "Gligoric Cup 4th"]
[Site "Novi Banovci"]
[Date "2017.05.28"]
[Round "5.5"]
[White "Skoko, Milan"]
[Black "Cica, Dragan"]
[Result "0-1"]
[WhiteElo "2174"]
[BlackElo "2116"]
[PlyCount "60"]
[EventDate "2017.05.25"]
[EventType "team-swiss"]
[EventRounds "5"]
[EventCountry "SRB"]
[SourceTitle "CBM 178 Extra"]
[Source "ChessBase"]
[SourceDate "2017.06.22"]
[SourceVersion "1"]
[SourceVersionDate "2017.06.22"]
[SourceQuality "1"]
[WhiteTeam "Stara Pazova"]
[BlackTeam "Gajdobra Hercegovac"]
[WhiteTeamCountry "SRB"]
[BlackTeamCountry "SRB"]

1. e4 c5 2. c3 Nf6 3. e5 Nd5 4. d4 cxd4 5. Nf3 Nc6 6. cxd4 d6 7. Nc3 e6 8. Bd3 dxe5 9. dxe5 Bb4 10. Bd2 Nxc3 11. Bxc3 Bxc3+ 12. bxc3 Qa5 13. 0-0 0-0 14. Bxh7+ Kxh7 15. Ng5+ Kg6 16. Qg4 f5 17. Qh4 Nxe5 18. Rae1 Bd7 19. Nh3 Rh8 20. Qe7 Rxh3 21. Rxe5 Qxc3 22. Qxd7 Qxe5 23. gxh3 Qd5 24. Qe7 Qe4 25. Rc1 Rh8 26. Rc7 Qe5 27. h4 Rxh4 28. Qxh4 Qxc7 29. Qa4 Qc1+ 30. Kg2 Qc6+ 0-1

[Event "Topusko op 3rd"]
[Site "Topusko"]
[Date "2014.08.14"]
[Round "8"]
[White "Petricevic, Petar"]
[Black "Cica, Dragan"]
[Result "0-1"]
[WhiteElo "1962"]
[BlackElo "2160"]
[PlyCount "90"]
[EventDate "2014.08.08"]
[EventType "swiss"]
[EventRounds "9"]
[EventCountry "CRO"]
[SourceTitle "CBM 162 Extra"]
[Source "ChessBase"]
[SourceDate "2014.10.17"]
[SourceVersion "1"]
[SourceVersionDate "2014.10.17"]
[SourceQuality "1"]

1. d4 f5 2. f4 Nf6 3. Nf3 g6 4. e3 Bg7 5. Bc4 e6 6. 0-0 0-0 7. Bd2 b6 8. Be1 Bb7 9. Bh4 Qe8 10. Nbd2 Nc6 11. a3 Ne7 12. h3 Ne4 13. c3 Nd5 14. Qe2 Bf6 15. Be1 c5 16. Nxe4 fxe4 17. Nd2 Ne7 18. Kh2 Rc8 19. Rg1 Bg7 20. g3 Kh8 21. Bb3 d5 22. Bf2 Nf5 23. g4 Nd6 24. Bg3 Qe7 25. Rg2 cxd4 26. cxd4 g5 27. fxg5 e5 28. dxe5 Bxe5 29. Nf1 Qxg5 30. Kg1 Rf3 31. h4 Qe7 32. Bxe5+ Qxe5 33. Nh2 d4 34. Nxf3 exf3 35. exd4 Qxe2 36. Rxe2 fxe2 37. Kf2 Ba6 38. Re1 Rf8+ 39. Ke3 Rf1 40. Rxe2 Bxe2 41. Kxe2 Rf4 42. d5 Rxg4 43. h5 Rh4 44. Kd3 Rxh5 45. Kd4 Rg5 0-1

[Event "Topusko op 3rd"]
[Site "Topusko"]
[Date "2014.08.12"]
[Round "6"]
[White "Bozinovic, Bogdan"]
[Black "Cica, Dragan"]
[Result "1/2-1/2"]
[WhiteElo "2205"]
[BlackElo "2160"]
[PlyCount "105"]
[EventDate "2014.08.08"]
[EventType "swiss"]
[EventRounds "9"]
[EventCountry "CRO"]
[SourceTitle "CBM 162 Extra"]
[Source "ChessBase"]
[SourceDate "2014.10.17"]
[SourceVersion "1"]
[SourceVersionDate "2014.10.17"]
[SourceQuality "1"]

1. d4 f5 2. Bg5 d6 3. Nc3 Nd7 4. e4 fxe4 5. Nxe4 Ngf6 6. Bd3 g6 7. h4 Nxe4 8. Bxe4 Nf6 9. Bd3 Bg4 10. f3 Bf5 11. Bc4 d5 12. Bb3 Qd6 13. Ne2 0-0-0 14. g4 Be6 15. Bf4 Qb6 16. Be5 Rg8 17. Nf4 Nd7 18. Qe2 Bf7 19. Nd3 e6 20. 0-0-0 Bd6 21. Ba4 Nxe5 22. Nxe5 Rgf8 23. Rd3 Bxe5 24. Qxe5 Qd6 25. Re1 Qxe5 26. Rxe5 c6 27. c3 Kc7 28. Bc2 Kd6 29. Rde3 b6 30. Kd2 c5 31. Bd3 c4 32. Bc2 b5 33. Re1 a5 34. a3 Rb8 35. f4 b4 36. axb4 axb4 37. Ra1 b3 38. Ra6+ Kc7 39. Bb1 Ra8 40. Rxa8 Rxa8 41. Re1 Kd6 42. Ke3 h6 43. Kf2 Ke7 44. Kg3 Kf6 45. g5+ Kg7 46. Rh1 Rh8 47. Rh2 Kf8 48. Kg2 Ke7 49. Rh3 Kd6 50. Kg3 Ke7 51. Rh2 Kd6 52. Rh3 Ke7 53. Rh2 1/2-1/2

[Event "Vojvodina-ch 5th"]
[Site "Novi Sad"]
[Date "2014.07.15"]
[Round "5"]
[White "Petkovic, Radosav"]
[Black "Cica, Dragan"]
[Result "0-1"]
[WhiteElo "2253"]
[BlackElo "2152"]
[PlyCount "82"]
[EventDate "2014.07.12"]
[EventType "swiss"]
[EventRounds "9"]
[EventCountry "YUG"]
[SourceTitle "CBM 161 Extra"]
[Source "ChessBase"]
[SourceDate "2014.08.29"]
[SourceVersion "1"]
[SourceVersionDate "2014.08.29"]
[SourceQuality "1"]

1. e4 c5 2. Nf3 d6 3. d4 cxd4 4. Qxd4 Nc6 5. Qe3 Nf6 6. c4 g6 7. h3 Bg7 8. Be2 0-0 9. 0-0 Nd7 10. Nc3 Nc5 11. Rd1 f5 12. exf5 Bxf5 13. g4 Bd7 14. Ng5 Be5 15. Nd5 e6 16. f4 exd5 17. fxe5 d4 18. Rxd4 Nxd4 19. Qxd4 Ne6 20. Nxe6 Bxe6 21. exd6 Qh4 22. Kg2 Bd7 23. Bf4 Bc6+ 24. Kh2 Rxf4 25. Qxf4 Rf8 26. Qe3 Qf2+ 27. Qxf2 Rxf2+ 28. Kg3 Rxe2 29. Rd1 Bd7 30. c5 g5 31. Rd3 Rxb2 32. Re3 Bc6 33. h4 Rxa2 34. hxg5 a5 35. Re7 Rd2 36. Kh4 a4 37. g6 hxg6 38. Kg5 Rd4 39. Rc7 a3 40. Kf6 a2 41. Rc8+ Kh7 0-1

[Event "Senta op-A 17th"]
[Site "Senta"]
[Date "2013.07.17"]
[Round "6"]
[White "Cica, Dragan"]
[Black "Kokeza, Mirko"]
[Result "1/2-1/2"]
[WhiteElo "2063"]
[BlackElo "2315"]
[PlyCount "93"]
[EventDate "2013.07.13"]
[EventType "swiss"]
[EventRounds "9"]
[EventCountry "SRB"]
[SourceTitle "EXT 2014"]
[Source "ChessBase"]
[SourceDate "2013.11.20"]
[SourceVersion "1"]
[SourceVersionDate "2013.11.20"]
[SourceQuality "1"]

1. e4 c5 2. Nf3 d6 3. d4 cxd4 4. Nxd4 Nf6 5. Nc3 g6 6. f3 Bg7 7. Be3 0-0 8. Qd2 Nc6 9. 0-0-0 Nxd4 10. Bxd4 Be6 11. Kb1 Qc7 12. h4 Rfc8 13. h5 Qa5 14. Nd5 Qxd2 15. Nxf6+ Bxf6 16. Rxd2 Bxd4 17. Rxd4 Rc5 18. hxg6 hxg6 19. Rb4 Rac8 20. c3 R8c7 21. Rb5 Kg7 22. Rxc5 Rxc5 23. Kc2 Kf6 24. Rh8 Kg5 25. g3 d5 26. Bd3 dxe4 27. Bxe4 Bf5 28. Rh4 b6 29. b4 Rc7 30. Bxf5 Kxf5 31. Rf4+ Ke6 32. Re4+ Kf6 33. Rf4+ Kg7 34. Rd4 f5 35. Kd3 e6 36. c4 Kf6 37. Rd8 e5 38. Rf8+ Kg7 39. Ra8 Kf6 40. Rf8+ Kg5 41. Re8 Kf6 42. Rf8+ Ke6 43. Re8+ Kf6 44. Rf8+ Ke7 45. Rg8 Kf7 46. Rh8 Kf6 47. Rf8+ 1/2-1/2

[Event "SRB-ch U18"]
[Site "Vrnjacka Banja"]
[Date "2013.05.06"]
[Round "9"]
[White "Cica, Dragan"]
[Black "Kumic, Filip"]
[Result "0-1"]
[WhiteElo "2057"]
[BlackElo "2240"]
[PlyCount "98"]
[EventDate "2013.04.30"]
[EventType "swiss"]
[EventRounds "9"]
[EventCountry "SRB"]
[SourceTitle "CBM 154 Extra"]
[Source "ChessBase"]
[SourceDate "2013.06.25"]
[SourceVersion "2"]
[SourceVersionDate "2013.06.25"]
[SourceQuality "1"]

1. e4 c5 2. Nf3 d6 3. d4 cxd4 4. Nxd4 Nf6 5. Nc3 a6 6. Be2 e5 7. Nb3 Be7 8. 0-0 0-0 9. Be3 Be6 10. f3 Nbd7 11. a4 Nc5 12. Nxc5 dxc5 13. Qxd8 Rfxd8 14. Rfd1 c4 15. Kf2 Kf8 16. Bb6 Rd7 17. a5 Rc8 18. Na4 Rxd1 19. Rxd1 Nd7 20. Be3 Ke8 21. Nb6 Nxb6 22. Bxb6 Bc5+ 23. Bxc5 Rxc5 24. Ra1 Kd7 25. Ra4 Kc6 26. c3 Rb5 27. Ra2 f6 28. Ke3 g5 29. Kd2 Kc5 30. Ke3 b6 31. axb6 Kxb6 32. Bd1 f5 33. exf5 Bxf5 34. Be2 Bb1 35. Ra4 Rxb2 36. Rxc4 a5 37. Ra4 Bc2 38. Ra1 a4 39. Bd3 Ka5 40. Bxc2 Rxc2 41. Kd3 Rxg2 42. c4 Rxh2 43. c5 Kb5 44. Rc1 Kc6 45. Ra1 Rh4 46. Re1 Rd4+ 47. Kc3 Kd5 48. Rh1 Rh4 49. Re1 Rc4+ 0-1

[Event "SRB-ch U18"]
[Site "Vrnjacka Banja"]
[Date "2013.05.01"]
[Round "2"]
[White "Zarin, David"]
[Black "Cica, Dragan"]
[Result "0-1"]
[WhiteElo "1892"]
[BlackElo "2057"]
[PlyCount "91"]
[EventDate "2013.04.30"]
[EventType "swiss"]
[EventRounds "9"]
[EventCountry "SRB"]
[SourceTitle "CBM 154 Extra"]
[Source "ChessBase"]
[SourceDate "2013.06.25"]
[SourceVersion "2"]
[SourceVersionDate "2013.06.25"]
[SourceQuality "1"]

1. e4 c5 2. Nf3 d6 3. d4 cxd4 4. Nxd4 Nf6 5. Nc3 a6 6. Be3 e6 7. f3 b5 8. g4 Bb7 9. Qd2 Nc6 10. Bg2 Ne5 11. b3 Rc8 12. h3 d5 13. f4 Bb4 14. Nde2 Rxc3 15. 0-0 Rxe3 16. Qxe3 Nc6 17. g5 Nxe4 18. Bxe4 dxe4 19. Rad1 Qe7 20. Qxe4 0-0 21. Kh2 Bc5 22. c4 Nd4 23. Qd3 Nf5 24. Rd2 Bb4 25. Nc3 Qc5 26. Rc1 Nh4 27. Rf1 Qc6 28. Rdf2 bxc4 29. bxc4 Bc5 30. Rb2 Nf3+ 31. Kg3 Nd4 32. Rfb1 Ba8 33. Rf1 Nf5+ 34. Kh2 Be3 35. h4 Bxf4+ 36. Kh3 Bc7 37. Nd1 Rd8 38. Qe2 Qd6 39. Rb3 Nd4 40. Qf2 Nxb3 41. axb3 Qe7 42. Ne3 Bb6 43. b4 Bxe3 44. Qxe3 Qxb4 45. h5 Qxc4 46. Kh2 0-1

[Event "SRB Kadetski festival U18 6th"]
[Site "Vrnjacka Banja"]
[Date "2012.04.16"]
[Round "9"]
[White "Cica, Dragan"]
[Black "Kostic, Tomislav"]
[Result "1-0"]
[WhiteElo "2048"]
[BlackElo "1858"]
[PlyCount "41"]
[EventDate "2012.04.10"]
[EventType "swiss"]
[EventRounds "9"]
[EventCountry "SRB"]
[SourceTitle "CBM 148 Extra"]
[Source "ChessBase"]
[SourceDate "2012.06.22"]
[SourceVersion "1"]
[SourceVersionDate "2012.06.22"]
[SourceQuality "1"]

1. e4 e5 2. Nf3 Nf6 3. Nc3 Bb4 4. Nxe5 Qe7 5. Nf3 Bxc3 6. dxc3 Nxe4 7. Be2 0-0 8. 0-0 d6 9. Re1 Be6 10. Bd3 Nc5 11. Bxh7+ Kxh7 12. Ng5+ Kg6 13. h4 Rh8 14. b4 f6 15. h5+ Rxh5 16. Nxe6 Re5 17. Rxe5 fxe5 18. Qg4+ Kf7 19. Ng5+ Kf8 20. Qf5+ Ke8 21. Qc8+ 1-0

[Event "SRB Kadetski festival U18 6th"]
[Site "Vrnjacka Banja"]
[Date "2012.04.15"]
[Round "8"]
[White "Dimitrijevic, Sava"]
[Black "Cica, Dragan"]
[Result "1-0"]
[WhiteElo "1993"]
[BlackElo "2048"]
[PlyCount "81"]
[EventDate "2012.04.10"]
[EventType "swiss"]
[EventRounds "9"]
[EventCountry "SRB"]
[SourceTitle "CBM 148 Extra"]
[Source "ChessBase"]
[SourceDate "2012.06.22"]
[SourceVersion "1"]
[SourceVersionDate "2012.06.22"]
[SourceQuality "1"]

1. Nf3 Nf6 2. b3 d5 3. Bb2 Bg4 4. d3 e6 5. Nbd2 Be7 6. g3 0-0 7. Bg2 c6 8. 0-0 Nbd7 9. Re1 Bd6 10. e4 e5 11. exd5 cxd5 12. h3 Bxf3 13. Nxf3 Re8 14. Qd2 Qc7 15. a3 Rad8 16. Rac1 Nc5 17. Nh4 Bf8 18. Nf5 d4 19. Qg5 Ne6 20. Nh6+ Kh8 21. Qxe5 gxh6 22. Qxf6+ Bg7 23. Qf5 Rg8 24. h4 Rc8 25. Be4 Nf8 26. Bd5 Ne6 27. Bxe6 fxe6 28. Qxe6 Rcf8 29. Re4 Qc5 30. b4 Qh5 31. Rce1 Qf3 32. R1e2 h5 33. Kh2 Rf6 34. Qd7 Rf7 35. Re7 Be5 36. Qxd4 Bxd4 37. Bxd4+ Rgg7 38. Re8+ Rf8 39. R2e7 h6 40. Bxg7+ Kh7 41. Rxf8 1-0

[Event "SRB Kadetski festival U18 6th"]
[Site "Vrnjacka Banja"]
[Date "2012.04.12"]
[Round "4"]
[White "Cica, Dragan"]
[Black "Cvetanovic, Uros"]
[Result "0-1"]
[WhiteElo "2048"]
[BlackElo "2208"]
[PlyCount "52"]
[EventDate "2012.04.10"]
[EventType "swiss"]
[EventRounds "9"]
[EventCountry "SRB"]
[SourceTitle "CBM 148 Extra"]
[Source "ChessBase"]
[SourceDate "2012.06.22"]
[SourceVersion "1"]
[SourceVersionDate "2012.06.22"]
[SourceQuality "1"]

1. e4 c5 2. Nf3 Nc6 3. d4 cxd4 4. Nxd4 Nf6 5. Nc3 d6 6. Be3 Ng4 7. Bg5 Qb6 8. Bb5 Bd7 9. 0-0 Nxf2 10. Rxf2 Qxd4 11. Qf3 f6 12. Rd1 Qb6 13. Nd5 Qd8 14. Bf4 e6 15. Ne3 e5 16. Bxc6 bxc6 17. Bg3 Be6 18. c4 Qc7 19. Rfd2 Qf7 20. b3 Be7 21. Bf2 0-0 22. g4 g6 23. Bh4 Qg7 24. Rg2 Kh8 25. Nf5 gxf5 26. gxf5 Qh6 0-1

[Event "Senta op-A 15th"]
[Site "Senta"]
[Date "2011.07.20"]
[Round "6"]
[White "Vranic, Ljubomir"]
[Black "Cica, Dragan"]
[Result "1-0"]
[WhiteElo "2174"]
[BlackElo "1973"]
[PlyCount "123"]
[EventDate "2011.07.16"]
[EventType "swiss"]
[EventRounds "9"]
[EventCountry "SRB"]
[SourceTitle "CBM 143 Extra"]
[Source "ChessBase"]
[SourceDate "2011.08.29"]
[SourceVersion "1"]
[SourceVersionDate "2011.08.29"]
[SourceQuality "1"]

1. d4 f5 2. c4 Nf6 3. Nc3 g6 4. g3 Bg7 5. Bg2 0-0 6. Nh3 d6 7. d5 c6 8. Nf4 Qc7 9. h4 Re8 10. h5 e5 11. dxe6 g5 12. h6 Bh8 13. Nh5 Bxe6 14. Bxg5 Nxh5 15. Rxh5 Qf7 16. Bf3 Bxc4 17. Bh4 Bf6 18. Qxd6 Be5 19. Qd2 Kh8 20. g4 Be6 21. 0-0-0 Nd7 22. gxf5 Bxf5 23. Bg3 Bg6 24. Rh4 Bxg3 25. fxg3 Ne5 26. Rf4 Qe7 27. Qd6 Kg8 28. Ne4 Bxe4 29. Qxe7 Rxe7 30. Rxe4 Rae8 31. Rdd4 Rf8 32. Rf4 Rfe8 33. Bh5 Ng6 34. Rf6 Re6 35. Bxg6 hxg6 36. Rxe6 Rxe6 37. Kd2 Kh7 38. Rd7+ Kxh6 39. Rxb7 a5 40. Rb3 Kg5 41. Ke1 Kg4 42. Kf2 Rf6+ 43. Rf3 Rd6 44. Rf4+ Kg5 45. Ra4 Rd5 46. Kf3 Kf6 47. Rc4 c5 48. Ra4 Rd2 49. b3 c4 50. bxc4 Rc2 51. e3 Ke6 52. g4 Kf6 53. Rxa5 Rxc4 54. g5+ Kf7 55. e4 Rc6 56. Kf4 Ke6 57. a4 Rc1 58. Ra6+ Kf7 59. a5 Rc5 60. Rf6+ Kg7 61. a6 Ra5 62. Rb6 1-0

[Event "Senta op-A 15th"]
[Site "Senta"]
[Date "2011.07.19"]
[Round "5"]
[White "Cica, Dragan"]
[Black "Kovacs, Arthur"]
[Result "1/2-1/2"]
[WhiteElo "1973"]
[BlackElo "2099"]
[PlyCount "88"]
[EventDate "2011.07.16"]
[EventType "swiss"]
[EventRounds "9"]
[EventCountry "SRB"]
[SourceTitle "CBM 143 Extra"]
[Source "ChessBase"]
[SourceDate "2011.08.29"]
[SourceVersion "1"]
[SourceVersionDate "2011.08.29"]
[SourceQuality "1"]

1. e4 c6 2. d4 d5 3. exd5 cxd5 4. c4 Nf6 5. Nc3 e6 6. Nf3 Be7 7. Be2 0-0 8. 0-0 Nc6 9. a3 dxc4 10. Bxc4 a6 11. Be3 b5 12. Ba2 Bb7 13. Qe2 Na5 14. Rfd1 Nd5 15. Rac1 Rc8 16. Ne4 Nxe3 17. Qxe3 Bxe4 18. Qxe4 Qd7 19. Ne5 Rxc1 20. Rxc1 Rc8 21. Re1 Qb7 22. Qxb7 Nxb7 23. Nxf7 Rc2 24. Bxe6 Kf8 25. b4 Rc3 26. Ra1 Bf6 27. Ne5 Ke7 28. Bd5 Nd6 29. Kf1 Nf5 30. Nc6+ Kd6 31. Be4 Rxc6 32. Bxf5 g6 33. Bg4 h5 34. Bf3 Rc4 35. Rd1 Rxd4 36. Rxd4+ Bxd4 37. Bb7 Bb2 38. Bxa6 Kc6 39. a4 bxa4 40. Bc4 a3 41. Ke2 Bc3 42. b5+ Kc5 43. Kd3 Be5 44. g3 g5 1/2-1/2

[Event "Senta op-A 15th"]
[Site "Senta"]
[Date "2011.07.18"]
[Round "4"]
[White "Dudukovic, Nikola"]
[Black "Cica, Dragan"]
[Result "1-0"]
[WhiteElo "2251"]
[BlackElo "1973"]
[PlyCount "69"]
[EventDate "2011.07.16"]
[EventType "swiss"]
[EventRounds "9"]
[EventCountry "SRB"]
[SourceTitle "CBM 143 Extra"]
[Source "ChessBase"]
[SourceDate "2011.08.29"]
[SourceVersion "1"]
[SourceVersionDate "2011.08.29"]
[SourceQuality "1"]

1. e4 c5 2. Nc3 d6 3. g3 Nf6 4. Bg2 e6 5. Nge2 Be7 6. 0-0 0-0 7. d3 a6 8. h3 Nc6 9. f4 Qc7 10. g4 h6 11. Ng3 Nd7 12. Nce2 Nd4 13. c3 Nxe2+ 14. Qxe2 b5 15. Be3 Bb7 16. d4 cxd4 17. cxd4 Qc4 18. Qf2 Rac8 19. Rfc1 Qa4 20. Qd2 d5 21. e5 Nb6 22. b3 Qb4 23. Qd3 Nd7 24. f5 Bg5 25. Bxg5 hxg5 26. Kh2 Qe7 27. Qe3 b4 28. Rxc8 Rxc8 29. Rc1 Nb6 30. Rf1 Rc3 31. Qd2 f6 32. fxe6 Qxe6 33. Nf5 fxe5 34. Qxg5 Rc7 35. Qd8+ 1-0

[Event "Senta op-A 15th"]
[Site "Senta"]
[Date "2011.07.17"]
[Round "2"]
[White "Cabarkapa, Novak"]
[Black "Cica, Dragan"]
[Result "1/2-1/2"]
[WhiteElo "2177"]
[BlackElo "1973"]
[PlyCount "49"]
[EventDate "2011.07.16"]
[EventType "swiss"]
[EventRounds "9"]
[EventCountry "SRB"]
[SourceTitle "CBM 143 Extra"]
[Source "ChessBase"]
[SourceDate "2011.08.29"]
[SourceVersion "1"]
[SourceVersionDate "2011.08.29"]
[SourceQuality "1"]

1. e4 c5 2. Nf3 d6 3. c3 Nf6 4. Be2 e6 5. 0-0 Be7 6. Re1 0-0 7. Bf1 Nc6 8. d4 d5 9. e5 Nd7 10. Bd3 Re8 11. Nbd2 Qb6 12. Nf1 Nf8 13. h4 Bd7 14. N1h2 Rac8 15. a3 cxd4 16. cxd4 Na5 17. b4 Nc4 18. Bg5 a5 19. Ng4 axb4 20. Bxe7 Rxe7 21. Nf6+ Kh8 22. Ng5 Qxd4 23. Qh5 Qxd3 24. Qxf7 gxf6 25. exf6 1/2-1/2